000 00486nam a2200181 4500
001 136132
003 ES-MaACL
005 20230906195037.0
007 t|
008 070214s1971 sp r ||||1| spa d
100 1 _aRuiz Ramón, Francisco.
_9180662
245 1 0 _aHistoria del teatro español /
_cFrancisco Ruiz Ramón.
250 _a2ª ed.
260 _aMadrid :
_bAlianza,
_c1971.
300 _a2 v. ;
_c18 cm.
852 _aES-MaACL
_jC-56407-8
_bR.89113
999 _c136132
_d136132